Hobson-Jobson; (Record no. 552887)
[ view plain ]
| 000 -LEADER | |
|---|---|
| fixed length control field | 00757cam a22001931 4500 |
| 082 0# - DEWEY DECIMAL CLASSIFICATION NUMBER | |
| Classification number | 903 |
| Author Mark | YUL |
| 100 1# - MAIN ENTRY--PERSONAL NAME | |
| Personal name | Yule, Henry, |
| 9 (RLIN) | 50158 |
| 245 10 - TITLE STATEMENT | |
| Title | Hobson-Jobson; |
| Remainder of title | a glossary of colloquial Anglo-Indian words and phrases, and of kindred terms, etymological, historical, geographical and discursive, |
| Statement of responsibility, etc. | by Col. Henry Yule and A. C. Burnell. |
| 250 ## - EDITION STATEMENT | |
| Edition statement | New ed. |
| 260 ## - PUBLICATION, DISTRIBUTION, ETC. | |
| Place of publication, distribution, etc. | London, |
| Name of publisher, distributor, etc. | J. Murray, |
| Date of publication, distribution, etc. | 1903. |
| 300 ## - PHYSICAL DESCRIPTION | |
| Extent | xlviii, 1021 p. |
| Dimensions | 23 cm. |
| 526 ## - STUDY PROGRAM INFORMATION NOTE | |
| Program name | 0 |
| Interest level | 0 |
| Reading level | 0 |
| Title point value | 903_000000000000000_YUL |
| 650 #0 - SUBJECT ADDED ENTRY--TOPICAL TERM | |
| Topical term or geographic name entry element | English language |
| General subdivision | Foreign words and phrases |
| -- | Indic |
| -- | Dictionaries. |
| 9 (RLIN) | 50159 |
| 650 #0 - SUBJECT ADDED ENTRY--TOPICAL TERM | |
| Topical term or geographic name entry element | English language |
| Geographic subdivision | India |
| General subdivision | Dictionaries. |
| 9 (RLIN) | 50160 |
| 650 #0 - SUBJECT ADDED ENTRY--TOPICAL TERM | |
| Topical term or geographic name entry element | MCE |
| 9 (RLIN) | 379 |
| 700 1# - ADDED ENTRY--PERSONAL NAME | |
| Personal name | Burnell, A. C. |
| 9 (RLIN) | 50161 |
| 700 1# - ADDED ENTRY--PERSONAL NAME | |
| Personal name | Crooke, William, |
| 9 (RLIN) | 49785 |
| 942 ## - ADDED ENTRY ELEMENTS (KOHA) | |
| Source of classification or shelving scheme | |
| Koha item type | Book |
| Withdrawn status | Lost status | Source of classification or shelving scheme | Damaged status | Not for loan | Permanent Location | Current Location | Shelving location | Date acquired | Total Checkouts | Full call number | Barcode | Date last seen | Price effective from | Koha item type |
|---|---|---|---|---|---|---|---|---|---|---|---|---|---|---|
| Military College of Engineering (MCE) | Military College of Engineering (MCE) | 01/27/2015 | 903 YUL | MCE-ECH.1 | 01/27/2015 | 01/27/2015 | Book |
